000 00682nas a2200217 4500
001 BR9103941
003 BR-BrBNA
005 20231205092143.0
007 ta
008 230509b bl.|||p| |||| 00| 00por d
040 _aBR-BrBNA
_bpor
_cBiblioteca Nacional de Agricultura
041 _a(Pt)
072 _aH10
110 1 _aCentro de Pesquisas do Cacau, Ilheus, BA (Brasil)
_91631
245 1 _aNovo surto de ratos silvestres e registrado em lavouras de cacau
650 _aCACAU
650 _aROEDOR
773 0 _tDifusao Agropecuaria (Brazil)
_xISSN 0103-3824
_g(Jan-Apr 1990), v. 2(1) p. 31-32
_wBR9103941
909 _a202311
_bLúcia
_c55
_dLúcia Elande
942 _2AGRIS
_n0
_cANA
999 _c129719
_d129719